The role of Dhvani in sanskrit poetics: athesis submitted to the Banaras Hindi University for the degree of Doctor of philosophy (Record no. 56939)

MARC details
000 -LEADER
fixed length control field 00449nam a2200145Ia 4500
008 - FIXED-LENGTH DATA ELEMENTS--GENERAL INFORMATION
fixed length control field 230917s9999||||xx |||||||||||||| ||und||
040 ## - CATALOGING SOURCE
-- 65775
Original cataloging agency VIVEKANANDA LIBRARY
041 ## - Language
-- English
082 ## - DDC NUMBER
Classification number 891.2109 S23R
100 ## - MAIN ENTRY--PERSONAL NAME
Personal name Swaroop, Sarda
245 #4 - TITLE STATEMENT
Title The role of Dhvani in sanskrit poetics: athesis submitted to the Banaras Hindi University for the degree of Doctor of philosophy
260 ## - PUBLICATION, DISTRIBUTION, ETC. (IMPRINT)
Place of publication, distribution, etc Moradabad
Name of publisher, distributor, etc Omkar Swaroop
300 ## - PHYSICAL DESCRIPTION
Pages 333 p.
942 ## - ADDED ENTRY ELEMENTS (KOHA)
Koha item type Books
Holdings
Withdrawn status Lost status Damaged status Not for loan Location (home branch) Sublocation or collection (holding branch) Date acquired Koha issues (times borrowed) Koha full call number Accession No. Koha date last seen Koha item type
        VIVEKANANDA LIBRARY VIVEKANANDA LIBRARY 16/01/2003   891.2109 S23R 127145 17/09/2023 Books
© Designed and Maintained by Vivekananda Library, MDU Rohtak